000 00314nam a2200121 i 4500
001 bg
245 0 _aProjektowanie obiektów socjalnych zakładów przemysłowych w ujęciu systemowym.
260 _aSzczecin,
_c1982.
040 _cBPK
041 _apol
942 _cKS
008 s pl f |000 0 pol
999 _c20984
_d20984
856 _uhttp://koha.tu.koszalin.pl/cgi-bin/koha/opac-detail.pl?biblionumber=20984
_yKatalog online BPK